geomex quiz dla ciebie zgadnij kraj - Statystyki

Ogólne statystyki
  • Ten quiz został rozwiązany 2 332 razy
  • Średni wynik to 9 z 22
Statystyki odpowiedzi
podpowiedź odpowiedź % Poprawnych
kraj mający przynajmniej 4 mistrzostwa świata Brazylia | Włochy | Niemcy
85%
który miał 5 mln ludności p.n.e Chiny | Indie | Włochy | Turcja
84%
kończy się na ,,gwaj,, Urugwaj | Paragwaj
75%
obejmuje 40,8% ameryki pół. Kanada
71%
nie leżący w afryce ale ma do niego mniej niż 100 km Hiszpania | Jemen | Wielka brytania
68%
nr 1 producent kawy Brazylia
65%
największy w Europie nie zaliczamy krajów które leżą też na innych kontynentach Francja
65%
gdzie jest najbardziej ruchliwe lotnisko w Europie Wielka Brytania | Anglia | Londyn
64%
nie ma dostępu do morza, oceanu w ameryce poł. Boliwia | Paragwaj
56%
stworzyło najwięcej filmów fabularnych Indie
40%
najniższa odnotowana temperatura Dania
33%
w większości muzułmański kraj leżący w Europie Bośnia i Hercegowina | Albania
30%
leży nad jeziorem Wiktorii Uganda | Kenia | Tanzania
25%
w XXI wieku zmarło tam 100 000 ludzi przez trzęsienia ziemii Haiti | Indonezja
19%
na jeden rok nie było żadnego zabójstwa Watykan
19%
najwięcej chorych na HIV Republika południowej afryki
18%
najwyższe PKB Monako
15%
najwięcej pada tam deszczu Kolumbia
14%
nie leży w Afryce i Azji ale należy do OPEC Wenezuela | Ekwador
14%
największe państwo w historii 33mln km2 Imperium brytyjskie
12%
najmniejszy współczynnik otyłości Wietnam | Bangladesz
11%
rządził nim Fryderyk Wielki Prusy
8%
Nie znaleziono quizów pasujących do podanych kryteriów
Rozkład punktacji
Procent ludzi z każdym wynikiem
Percentyl według liczby udzielonych odpowiedzi
Twoja historia wyników
Nie rozwiązałeś tego quizu